000 00311nam a22001337a 4500
008 170519b xxu||||| |||| 00| 0 eng d
020 _a9780199846177
041 _aeng
080 _a94(100)
100 _a16
101 _aSHH
245 _aSOURCES IN PATTERNS OF WORLD HISTORY
_cGREGORY C.R
942 _2udc
_cBK
999 _c13551
_d13551